[Event "FRA-ch U20"]
[Site "Nimes"]
[Date "2012.04.14"]
[Round "1"]
[White "Buscara, Sevan"]
[Black "Champourlier, Sebastien"]
[Result "1-0"]
[WhiteElo "2318"]
[BlackElo "1985"]
[PlyCount "108"]
[EventDate "2012.04.14"]
[EventType "swiss"]
[EventRounds "9"]
[EventCountry "FRA"]
[SourceTitle "CBM 148 Extra"]
[Source "ChessBase"]
[SourceDate "2012.06.22"]
[SourceVersion "1"]
[SourceVersionDate "2012.06.22"]
[SourceQuality "1"]

1. d4 d5 2. Bf4 Nf6 3. e3 Bf5 4. c4 e6 5. Nc3 a6 6. Qb3 b6 7. cxd5 Nxd5 8. Nxd5 exd5 9. Rc1 c5 10. dxc5 Bxc5 11. Bxb8 Qxb8 12. Bxa6 0-0 13. Bb5 Qa7 14. a4 Qa5+ 15. Ke2 d4 16. Nf3 Be6 17. Qd3 dxe3 18. fxe3 Rfd8 19. Nd4 Qb4 20. Qc3 Bg4+ 21. Kd3 Bf5+ 22. Kd2 Bxd4 23. Qxb4 Bc5+ 24. Kc3 Bxb4+ 25. Kxb4 Be4 26. Bc6 Bxc6 27. Rxc6 Re8 28. Rhc1 Kf8 29. R1c3 Rab8 30. b3 Re4+ 31. R6c4 Ree8 32. Rd3 Re6 33. Rcd4 Ke7 34. Rd7+ Ke8 35. R7d6 Re4+ 36. Kb5 Re5+ 37. R6d5 Re6 38. b4 Ke7 39. Rc3 Ra8 40. Rc7+ Ke8 41. Rb7 Rxe3 42. Rxb6 Re2 43. Rg5 g6 44. a5 h6 45. Rg3 Re5+ 46. Ka4 h5 47. a6 Ra7 48. b5 Kd7 49. Rd3+ Kc8 50. Rc6+ Rc7 51. a7 Re4+ 52. Ka5 Kb7 53. Rxc7+ Kxc7 54. a8Q Re6 1-0